01108nam a22002777a 4500003000500000005001700005008004100022010001000063011001000073035001100083040000900094100003600103245024500139260004000384300004900424502007100473530003600544650002600580650002000606650003300626650003100659650001400690700004600704856006400750856001600814CHAP20220329143407.0090219s2008 mx a r 00010 spa d a95927 a96899 a107556 cCHAP1 aCastañeda Peralta, Alejandro.10aAnálisis de tendencia de temperaturas extremas para detección de cambio climático, caso:bárea de influencia del volcán pico de Orizaba (Citlaltépetl)c/por Alejandro Castañeda Peralta y Sáshenka Viviana Villalba Carpinteiro aChapingo, Méx. :bEl autor,c2008 ax, 131 h. :bilus., cuadros, gráfs., mapas aTesis (Ing. en Irrogación) -- UACH. Departamento de Irrigación aTambién disponible en línea14aCambios climáticos.14aClimatología.14aEstaciones meteorológicas.14aTemperatura atmosférica.14aVolcanes.1 aVillalba Carpinteiro, Sáshenka Viviana. 3Finding aiduhttp://10.13.5.2/tesis/107556.pdfzTeclea aqui a1 n0001380